Miskitos: regreso con acechanzas /
Uloženo v:
| Hlavní autor: | |
|---|---|
| Médium: | Text |
| Témata: | |
| Tagy: |
Přidat tag
Žádné tagy, Buďte první, kdo vytvoří štítek k tomuto záznamu!
|
MARC
| LEADER | 00000 a a2200000 04500 | ||
|---|---|---|---|
| 001 | 12130 | ||
| 003 | |||
| 040 | |||
| 100 | |a Pringent, Alain | ||
| 245 | |a Miskitos: |b regreso con acechanzas / |c Alain Pringent | ||
| 650 | |a GOBIERNO | ||
| 650 | |a POBLACION INDIGENA | ||
| 650 | |a GRUPOS ETNICOS | ||
| 650 | |a AMERINDIOS | ||
| 650 | |a ZONAS LITORALES | ||
| 650 | |a INDEPENDENCIA | ||
| 650 | |a PROYECTO DE DESARROLLO | ||
| 773 | |g número 25; páginas 41-43 | ||
| 999 | |c 23958 |d 23958 | ||
